| 000 | | | 05544cmc2a2200000 x 450 |
| 001 | | | 6312efa3-5372-40cc-b295-1d1a2fae3238 |
| 005 | | | 20161013115832.0 |
| 200 | 1# | $a | Чертежи Абоского моста (г. Выборг). Том 2. Ватман, бумага 18 в. |
| | $j | 1816-1817 |
| 937 | ## | $h | ПБ |
| 801 | #0 | $a | RU |
| | $b | ПБ им. Б.Н. Ельцина |
| | $c | 20150114 |
| 801 | #1 | $a | RU |
| | $b | ПБ им. Б.Н. Ельцина |
| | $c | 20161011 |
| | $2 | rusmarc |
| 801 | #2 | $a | RU |
| | $b | ПБ им. Б.Н. Ельцина |
| | $c | 20161011 |
| | $g | RCR |
| | $2 | rusmarc |
| 300 | ## | $a | Заголовок дела также: Чертежи Абоского моста (г. Выборг) 1816-1817 гг. Том 2. Ватман, бумага 18 в. |
| 300 | ## | $a | Рукописный текст. Чернила |
| 300 | ## | $a | Бумага. Тушь, карандаш |
| 517 | 1# | $a | Чертежи Абоского моста (г. Выборг) 1816-1817 гг. Том 2. Ватман, бумага 18 в. |
| 100 | ## | $a | 20161011l18161817k y0rusy са |
| 101 | 0# | $a | rus |
| 102 | ## | $a | RU |
| 122 | 2# | $a | d1816###### |
| | $a | d1817###### |
| 123 | 2# | $a | a |
| 124 | ## | $a | a |
| | $b | j |
| 215 | ## | $a | 7 листов |
| 251 | ## | $c | Документ |
| 461 | #0 | $1 | 0011789e130-a43f-4a7e-a4b5-2b2ca3276e44 |
| | $1 | 2001 |
| | $a | Карты, планы и чертежи железнодорожных, шоссейных и водных путей сообщения г. Выборга и Выборгской губернии |
| | $1 | 251 |
| | $c | Фонд |
| | $1 | 852 |
| | $j | 532 |
| 462 | #0 | $1 | 001ba2b36ec-317b-45f6-9adf-67483d90c311 |
| | $1 | 2000 |
| | $a | Оп. 1 |
| | $v | Ед. хр. 20 |
| | $1 | 251 |
| | $c | Опись |
| | $1 | 852 |
| | $j | 1 |
| 850 | ## | $a | Государственное казенное учреждение "Ленинградский областной государственный архив в г. Выборге" (ЛОГАВ) |
| 852 | ## | $a | Лен. обл. гос. архив в г. Выборге |
| | $j | 20 |
| 509 | 00 | $a | Выборг |
| | $c | части |
| | $h | город |
| | $l | План |
| 686 | ## | $2 | rubbk |
| | $a | 63.3(2Рос-4Лен-2Выборг)5я64 |
| | $v | LBC/M |
| 617 | ## | $2 | prlib_sh |
| | $c | Выборгская губерния |
| 617 | ## | $c | Ленинградская область |
| | $2 | prlib_sh |
| 605 | ## | $2 | acquisition_Prlib |
| | $3 | LIBNET\UAF\0000011043 |
| | $a | Ленинградская область: страницы истории |
| | $l | коллекция |
| 605 | ## | $a | Территория России: Ленинградская область |
| | $l | коллекция |
| | $2 | acquisition_Prlib |
| | $3 | LIBNET\UAF\0000039012 |
| 605 | ## | $a | Территория |
| | $l | коллекция |
| | $2 | acquisition_Prlib |
| | $3 | DITM\AF\0000004675 |
| 607 | ## | $2 | prlib_sh |
| | $3 | LIBNET\UAF\0000064411 |
| | $a | Крепостной мост (Выборг, город; Ленинградская область) |
| | $j | Чертежи |
| 856 | 4# | $u | http://www.prlib.ru/Lib/pages/item.aspx?itemid=142520 |